Concise Dictionary of Placements: (Record no. 189039)

MARC details
000 -LEADER
fixed length control field 00648nam a2200169 4500
005 - DATE AND TIME OF LATEST TRANSACTION
control field 20220609165612.0
010 ## - LCCN (DPL NO)
LC control number ENG-133205
020 ## - INTERNATIONAL STANDARD BOOK NUMBER
International Standard Book Number 9789350571651
Terms of availability 150.00
035 ## - SYSTEM CONTROL NUMBER
System control number EN-116737
037 ## - SOURCE OF ACQUISITION
Source of stock number/acquisition DBAD/PUB
082 ## - DEWEY DECIMAL CLASSIFICATION NUMBER
Classification number 158.307155
245 ## - TITLE STATEMENT
Title Concise Dictionary of Placements:
Remainder of title A perfect reference tool to crack open employment opportunities for fresh & experienced job seekers, interviewees and Young Managers/
260 ## - PUBLICATION, DISTRIBUTION, ETC. (IMPRINT)
Place of publication, distribution, etc New Delhi
Name of publisher, distributor, etc V & S Publishers
Date of publication, distribution, etc 2015
270 ## - ADDRESS
Address F-2/16, Ansari Road, Daryaganj
City New Delhi
Postal code 110002
Electronic mail address info@vspublishers.com
300 ## - PHYSICAL DESCRIPTION
Extent 120p.
Dimensions 22cm(pbk)
942 ## - ADDED ENTRY ELEMENTS (KOHA)
Source of classification or shelving scheme Dewey Decimal Classification
Item type English Books
Classification part 158.307155
Call number suffix CON
Holdings
Withdrawn status Lost status Not for loan Collection code Home library Current library Date acquired Source of acquisition Cost, normal purchase price Full call number Barcode Copy number Cost, replacement price Koha item type
      Non-fiction Sarojini Nagar Sarojini Nagar 09/06/2022 DBAD/PUB 150.00 158.307155 CON EN-116737 1 150.00 English Books

© Delhi Public Library
Hit Counter
free hit counter